NBA Legends Quiz - Statistics

General Stats
  • This quiz has been taken 709 times
  • The average score is 6 of 9
Answer Stats
Hint Answer % Correct
How many rings does bill russell have? 11
89%
How many times have the bulls won a championship? 6
88%
When did Bill Rusell retire? 1969
86%
When did the supersonics win there first nba finals? 1979
77%
Whos magic johnsons rival in collage and nba? Larry Bird
76%
Whos the best laker legend? Magic Johnson
64%
How many times have the lakers make the playoffs? 31
57%
When George Mikan join the lakers what were thay called? Minneapolis Lakers
49%
What team drafted Dikembe Mutombo Denver Nuggets
39%
No matching quizzes found
Score Distribution
Percent of People with Each Score
Percentile by Number Answered
Your Score History
You have not taken this quiz